01561njm a2200325Ia 450000100060000000300090000600500170001500800410003204000130007304000130008604100130009910000230011210000180013510000380015324500420019125000110023326000110024426000570025530000100031230000290032250001660035150501890051751100230070665000520072970000820078170000950086370001030095870000800106170000940114120217IT-RoPAU20220918181140.0131025s9999 xx 000 0 und d aIT-RoPAU cIT-RoPAU aITALIANO aAlloisio Giampiero eAutore musica gCodice Autore Musica SPICS: 10715 aDovevo fare del cinema (Lp Asc 20271) a1a ed. aMILANO bASCOLTOc1981 [1a Ed.:1981 - Ed. Lingua Orig.: 1981] aDISCO c44 minuti (Testo: pag.) aSpirito Tedesco - Dio e il bar - Dovevo fare del cinema - La gaia scienza - Città del Messico - Siamo Arrivati. Problema dell'esistenza umana. Problema di Dio. aSpirito Tedesco - Dio e il bar - Dovevo fare del cinema - La gaia scienza - Città del Messico - Siamo Arrivati - Gulliver (4:00) - Bisanzio (5:00) - Parole (6:00) - Il Dilemma (6:00) aAlloisio Giampiero aCANTAUTORE [DISCHI]eCodice MATERIA SPICS: 9950 aGuccini FrancescoeAutore musicagCodice autore musica SPICS: 10938pGulliver aAlloisio GiampierogCodice autore testo/musica SPICS: 107154Autore testo/musicapGulliver aGuccini FrancescogCodice autore testo/musica SPICS: 109384Autore testo/musicapBisanzio - Parole aGaber GiorgiogCodice autore musica SPICS: 109064Autore musicapIl dilemma aLuporini SandrogCodice autore testo/musica SPICS: 44264Autore testo/musicapIl dilemma